<?xml version="1.0" encoding="UTF-8"?><?xml-stylesheet type="text/xsl" href="static/style.xsl"?><OAI-PMH xmlns="http://www.openarchives.org/OAI/2.0/" xmlns:xsi="http://www.w3.org/2001/XMLSchema-instance" xsi:schemaLocation="http://www.openarchives.org/OAI/2.0/ http://www.openarchives.org/OAI/2.0/OAI-PMH.xsd"><responseDate>2026-04-17T01:30:23Z</responseDate><request verb="GetRecord" identifier="oai:www.recercat.cat:2072/487455" metadataPrefix="marc">https://recercat.cat/oai/request</request><GetRecord><record><header><identifier>oai:recercat.cat:2072/487455</identifier><datestamp>2025-10-17T18:20:51Z</datestamp><setSpec>com_2072_98</setSpec><setSpec>col_2072_378192</setSpec></header><metadata><record xmlns="http://www.loc.gov/MARC21/slim" xmlns:dcterms="http://purl.org/dc/terms/" xmlns:xsi="http://www.w3.org/2001/XMLSchema-instance" xmlns:doc="http://www.lyncode.com/xoai" xsi:schemaLocation="http://www.loc.gov/MARC21/slim http://www.loc.gov/standards/marcxml/schema/MARC21slim.xsd">
   <leader>00925njm 22002777a 4500</leader>
   <datafield ind2=" " ind1=" " tag="042">
      <subfield code="a">dc</subfield>
   </datafield>
   <datafield ind2=" " ind1=" " tag="720">
      <subfield code="a">Neus Ramos Agost, Neus</subfield>
      <subfield code="e">author</subfield>
   </datafield>
   <datafield ind2=" " ind1=" " tag="720">
      <subfield code="a">Jordana Casas, Anna</subfield>
      <subfield code="e">author</subfield>
   </datafield>
   <datafield ind2=" " ind1=" " tag="720">
      <subfield code="a">Torregrossa, Miquel</subfield>
      <subfield code="e">author</subfield>
   </datafield>
   <datafield ind2=" " ind1=" " tag="260">
      <subfield code="c">2025</subfield>
   </datafield>
   <datafield ind2=" " ind1=" " tag="520">
      <subfield code="a">Introducción:la finalidad de esta investigación fue fomentar las creencias adaptativas de los estudiantes-deportistas en relación con la posibilidad de compaginar fútbol profesional y estu-dios superiores para promover su desarrollo integral y su Salud Mental (SM).Objetivo: diseñar, implementar y evaluar una intervención basada en la Terapia Racional Emo-tiva Conductual (TREC).Metodología: el muestreo fue intencionado y por conveniencia. Los participantes fueron estu-diantes-futbolistas (N = 44), entre 14 y 16 años de edad, que presentaron las puntuaciones altas en creencias desadaptativas (Jordana, Ramis et al., 2023).Resultados: los participantes realizaron tres sesiones de formación en TREC. Las creencias desadaptativas detectadas en el cribaje previo fueron modificadas con la intervención.Discusión: partiendo de los resultados recogidos en un grupo focal, también se pudo ver que las características de la intervención resultaron satisfactorias y se pusieron de manifiesto algunos aspectos a mejorar.Conclusiones: en general, este trabajo contribuye a adaptar la utilización de la TREC en el con-texto deportivo de manera colectiva y, en particular, a la gestión de situaciones fuera del campo, en sintonía con la Carrera Dual Superior (CDS).</subfield>
   </datafield>
   <datafield ind2=" " ind1=" " tag="520">
      <subfield code="a">Introduction: The purpose of this research was to promotethe adaptive beliefs of student-ath-letes in relation to the possibility of combining professional football and higher education in order to upgrade their integral development and Mental Health (MH).Objective: Design, implement and evaluate an intervention based on Rational Emotive Behavior Therapy (REBT).Methodology: Sampling was purposive and by convenience. Participants were student-athletes (N = 44), between 14 and 16 years of age, who presented high scores in maladaptive beliefs (Jordana, Ramis et al., 2023).Results: These participants underwent three REBT training sessions. The maladaptive beliefs detected in the pre-screening were modified with the intervention.Discussion: Based on the results of a focus group, the characteristics of the intervention were also found to be satisfactory and some areas for improvement were highlighted.Conclusions: Overall, this work helps to adapt the use of REBT in the sport context in a collective way and it contributes in particular to the management of situations off the field, in harmony with the Higher Dual Career (HDC).</subfield>
   </datafield>
   <datafield tag="653" ind2=" " ind1=" ">
      <subfield code="a">Carrera dual superior</subfield>
   </datafield>
   <datafield tag="653" ind2=" " ind1=" ">
      <subfield code="a">Creencias</subfield>
   </datafield>
   <datafield tag="653" ind2=" " ind1=" ">
      <subfield code="a">Deportistas talentosos</subfield>
   </datafield>
   <datafield tag="653" ind2=" " ind1=" ">
      <subfield code="a">Intervención</subfield>
   </datafield>
   <datafield tag="653" ind2=" " ind1=" ">
      <subfield code="a">Salud mental</subfield>
   </datafield>
   <datafield tag="653" ind2=" " ind1=" ">
      <subfield code="a">Beliefs</subfield>
   </datafield>
   <datafield tag="653" ind2=" " ind1=" ">
      <subfield code="a">Higher dual career</subfield>
   </datafield>
   <datafield tag="653" ind2=" " ind1=" ">
      <subfield code="a">Intervention</subfield>
   </datafield>
   <datafield tag="653" ind2=" " ind1=" ">
      <subfield code="a">Mental health</subfield>
   </datafield>
   <datafield tag="653" ind2=" " ind1=" ">
      <subfield code="a">Talented athletes</subfield>
   </datafield>
   <datafield ind2="0" ind1="0" tag="245">
      <subfield code="a">"Si quieres ser profesional del fútbol no puedes estudiar": una intervención para debatir creencias</subfield>
   </datafield>
</record></metadata></record></GetRecord></OAI-PMH>